000 00441nam a2200181Ia 4500
001 10636
005 20260306161847.0
008 260306t1944||||xx |||||||||||||| ||spa||
041 _aESP
082 _a946
_bM14
100 _aMadariaga, Salvador de
_eAUT
245 0 _aEspaña:
_bensayo de historia contemporánea
260 _c1944
300 _a822 páginas :
_c21 cm.
650 _aGEN
654 _aCHU
942 _cLIB
_dJUS
_fJUS
_2ddc
_n
999 _c10636
_d10636